Artificial vision : image description, recognition and communication

Αποθηκεύτηκε σε:
Λεπτομέρειες βιβλιογραφικής εγγραφής
Άλλοι συγγραφείς: Cantoni, Virginio (Επιμελητής έκδοσης), Levialdi, S. (Επιμελητής έκδοσης), Roberto, V. (Vito) 1951- (Επιμελητής έκδοσης)
Μορφή: Βιβλίο
Γλώσσα:English
Δημοσίευση: San Diego ; London : Academic Press, c1997.
Σειρά:Signal processing and its applications
Θέματα:
Ετικέτες: Προσθήκη ετικέτας
Δεν υπάρχουν, Καταχωρήστε ετικέτα πρώτοι!

MARC

LEADER 00000cam a2200000 i 4500
001 1/102422
008 000405s1997 eng d
020 |a 0-12-444816-X 
035 |l 10058076 
040 |a GR-MY-UA  |b gre  |e aacr 
041 0 |a eng 
082 0 |a 006.37 
245 1 0 |a Artificial vision :   |b image description, recognition and communication /   |c edited by Virginio Cantoni, Stefano Levialdi, Vito Roberto.  
260 |a San Diego ; London :   |b Academic Press,   |c c1997.  
300 |a xiv, 306 σ. :   |b εικ. ;   |c 24 εκ.  
490 1 |a (Signal processing and its applications)  
504 |a Περιλαμβάνει βιβλιογραφικές παραπομπές.  
650 0 0 |a Computer vision. 
650 0 0 |a Visual perception. 
650 0 0 |a Image processing. 
700 1 |a Cantoni, Virginio,  |e edt 
700 1 |a Levialdi, S.  |e edt 
700 1 |a Roberto, V.  |q (Vito)  |d 1951-  |e edt 
830 0 |a Signal processing and its applications 
852 |a INST  |b SAMOS  |e 20000405  |h 006.37 ART  |p 005300015592  |q 005300015592  |t BK  |y 0 
901 |a BIBL3-2000-1 
909 |a Σ  |b 073858 
922 |a 3ΕΛΗ  |b 200001  |c ΚΠΣ  |d LEADER 
950 |a 116-1999-12-29 
970 |a ΓΕΝΟΥΖΟΥ  |b ΧΡΥΣΑΝΘΗ  |z 2000/04/04